000
00254nam a2200097Ia 4500
001
1015105
005
20250826230854.0
008
250824s9999 xx 000 0 und d
245
0
_a
KAS MAKİNESİ
_c
ALEXANDER MCCALLL SMITH
260
_b
HEP KİTAP YAYINLARI
999
_c
1015105
_d
1015105